• 首页
  • 本馆介绍
  • 公告通知
  • 最新文献
  • 馆藏检索
  • 电子资源
  • 读者导购
  • 参考咨询
  • 我的图书馆
  • 登录
  • 详细信息显示
  • 放入我的书架
  • 预约/预借图书
  • 作者相关作品
  • 分类相关作品
  • 丛书相关作品
  • 出版社相关作品

书目信息

  • 表格格式
  • 工作单格式
  • 卡片格式
题名:
巴林
    
 
作者: 瓦·拉·波将斯基 著 ;中国人民大学《巴林》、《战斗的阿曼》翻译组 译
分册:  
出版信息: 北京   北京人民出版社  1974.03
页数: 268页
开本: 20cm
丛书名:
单 册:
中图分类: K386
科图分类:
主题词: 亚洲--历史
电子资源:
ISBN:
000 00780nam0 2200241 45
001 0212201024
005 20031219104102.4
010    @dCNY0.86
091    @a11071.12
100    @a20021220d1974 km y0chiy0120 ea
101 0  @achi
105    @ab z 000yy
200 1  @a巴林@ABa Lin@f(苏)瓦·拉·波将斯基著@F(Su)Wa·La·Bo Jiang Si Ji Zhu@g中国人民大学《巴林》、《战斗的阿曼》翻译组译
210    @a北京@c北京人民出版社@d1974.03
215    @a268页@c地图@d20cm
300    @a内部参考读物
320    @a索引
606 0  @a亚洲@x历史
690    @aK386@v3
701  0 @a瓦·拉·波将斯基@4著
712 02 @a中国人民大学《巴林》、《战斗的阿曼》翻译组@AZhong Guo Ren Min Da Xue《Ba Lin》、《Zhan Dou De A Man》Fan Yi Zu@4译
801    @aCN@bTSTC@c20021220
905    @f1@b219195@dK386@e4
    
    巴林/(苏)瓦·拉·波将斯基著/中国人民大学《巴林》、《战斗的阿曼》翻译组译.-北京:北京人民出版社,1974.03
    268页:地图;20cm
    内部参考读物
    
    ISBN :CNY0.86
    
●
相关链接 在E读中查询图书 在五车中查询图书 在当当中查询图书 在豆瓣中查询图书


正题名:巴林     索取号:K386/4         预约/预借

序号 登录号 条形码 馆藏地/架位号 状态 备注
1 0219195   001739051   第二样本阅览室/ [索取号:K386/4] 在馆    
唐山师范学院图书馆 欢迎您!
大连网信软件有限公司© 版权所有